Statistiques concernant Un jour, un événement : Mars 2024

Cliquez ici pour prendre le quiz!

Statistiques générales

  • Ce quiz a été pris 15 fois
    (4 depuis la dernière actualisation)
  • Le résultat moyen est 17 sur 31

Statistiques - réponses

JourExtrait de wikipédiaRéponse% Correct
2les forces armées américaines commencent à larguer de l'aide humanitaire dans la bande de .....Gaza
100%
4la France devient le premier pays au monde à inscrire la liberté de recourir à l'........ dans sa ConstitutionInterruption volontaire de grossesse
100%
7la Suède devient membre de .....L'OTAN
100%
19....... évènement particulierAucun
75%
13.......... évènement particulierAucun
75%
23....... présidentielle en SlovaquieÉlections
75%
18des dizaines de personnes, dont au moins 20 « terroristes » et un haut dirigeant du ......., sont tuées après une attaque contre l'hôpital Al-Shifa à GazaHamas
75%
15en Somalie, une attaque contre un hôtel à Mogadiscio fait au moins trois .........Morts
75%
12une expédition scientifique au Bounty Trough, au large des côtes de la Nouvelle-Zélande, rapporte la découverte de plus d’une centaine de ...... espèces océaniquesNouvelles
75%
30plus de 150 personnes sont évacuées après qu'un homme ait retenu quatre personnes en ...... dans une discothèque à Ede, Gueldre, Pays-Bas, pendant six heures et a menacé de se faire exploser. La police arrête l'homme sur les lieuxOtage
75%
31la fête de ...... et sa traditionelle chasse au œufs remporte un succès fulgurant (source : moi)Pâques
75%
26effondrement du ...... Francis-Scott-Key à BaltimorePont
75%
11démission d'Ariel Henry, ...... d'HaïtiPremier ministre
75%
22........ du Crocus City Hall à Krasnogorsk en RussieAttentat
50%
25le Conseil de sécurité de l'ONU adopte une résolution appelant à un ......... immédiat dans la bande de Gaza et à la libération des otages détenus par le Hamas, les États-Unis s'abstenantCessez-le-feu
50%
8référendums constitutionnels en Irlande, les électeurs rejettent ..... référendums constitutionnels sur la famille et les soinsDeux
50%
9élection présidentielle au Pakistan, Asif Ali Zardari est .....Élu
50%
5Le gouvernement ..... déclare l'état d'urgence après que des gangs ont pris d'assaut deux prisons et exigé la démission de Ariel HenryHaïtien
50%
28la Cour internationale de Justice, dans une décision unanime, ordonne à Israël de permettre à l'aide ......... d'entrer sans entrave dans la bande de Gaza, avertissant que la famine sévit déjàHumanitaire
50%
3votation fédérale en Suisse, Les électeurs helvétiques acceptent le référendum sur l'augmentation des pensions mensuelles mais rejettent le référendum sur l'augmentation de l'âge de .....La retraite
50%
1élections ........ et élections à l'Assemblée des experts en IranLégislatives
50%
6l'Alliance des États du Sahel, composée du Mali, du Burkina Faso et du ....., annonce la création d'une force conjointe entre les trois pays pour lutter contre les groupes jihadistes dans les trois paysNiger
50%
29la Russie s'oppose à la poursuite de la surveillance des sanctions des Nations unies contre le programme d'armes ........ nord-coréenNucléaires
50%
10élections législatives au Portugal, l'Alliance démocratique remporte le plus de sièges lors du .....Scrutin
50%
21au Viêt Nam, le président Võ Văn Thưởng démissionne, la vice-présidente Võ Thị Ánh Xuân assure .......L'intérim
25%
17la junte militaire du Niger révoque un accord .......... avec les États-Unis qui autorisait le personnel du ministère américain de la Défense à pénétrer sur son territoireMilitaire
25%
24élection présidentielle au ......, Bassirou Diomaye Faye est éluSénégal
25%
14le Conseil de sécurité nationale irakien interdit formellement le Parti des travailleurs du Kurdistan (PKK) à la suite d'une réunion de haut niveau entre des responsables irakiens et turcs à .......Baghdad
0%
16la Russie affirme que deux civils sont tués par des ........ ukrainiens sur la ville de BelgorodBombardements
0%
27seize personnes sont blessées, dont quatre enfants, et une personne est tuée suite à l'attaque de ........ guidées russes sur KharkivBombes
0%
2012 personnes sont tuées et 8 autres sont secourues lors d'une explosion dans ...... du district de Harnai, au PakistanUne mine
0%

Distribution des résultats

Percentile par nombre de réponses

% des personnes avec chaque résultat

Votre développement - résultats

Vous n’avez pas pris ce quiz depuis la dernière actualisation